|
|
|
|
| LEADER |
01187nam a2200313 4500 |
| 001 |
DLU090085665 |
| 005 |
##20091208 |
| 040 |
# |
# |
|a DLU
|b vie
|
| 041 |
# |
# |
|a vie
|
| 044 |
# |
# |
|a vn
|
| 082 |
# |
# |
|a 546.41
|b LU-N
|
| 100 |
# |
# |
|a Lưu Thị Nga.
|
| 245 |
# |
# |
|a Xác định đồng thời La3+, Eu3+ và Er3+ sử dụng phương pháp trắc quang kết hợp phương pháp Phirod cải tiến :
|b Luận văn Thạc sĩ Hoá học /
|c Lưu Thị Nga; Phạm Văn Tất, Nguyễn Mộng Sinh hướng dẫn.
|
| 260 |
# |
# |
|a Đà Lạt :
|b Trường Đại học Đà lạt,
|c 2008.
|
| 300 |
# |
# |
|a 64 tr. :
|b minh hoạ ;
|c 30 cm.
|
| 653 |
# |
# |
|a Nguyên tố đất hiếm
|a Phân tích trắn quang
|a Phương pháp Phirod
|a Phân tích hàm lượng
|
| 700 |
# |
# |
|a Nguyễn Mộng Sinh,
|c PGS.TS,
|e hướng dẫn.
|
| 700 |
# |
# |
|a Phạm Văn Tất,
|c TS,
|e hướng dẫn.
|
| 915 |
# |
# |
|a Hoá học
|b 604429
|c Thạc sĩ
|d Trường Đại học Đà lạt
|e Bộ Giáo dục và Đào tạo
|
| 992 |
# |
# |
|a 0
|
| 994 |
# |
# |
|a DLU
|
| 998 |
# |
# |
|a LA
|
| 900 |
# |
# |
|a True
|
| 911 |
# |
# |
|a Đào Thị Thu Huyền
|
| 925 |
# |
# |
|a G
|
| 926 |
# |
# |
|a A
|
| 927 |
# |
# |
|a LA
|
| 980 |
# |
# |
|a Thư viện Trường Đại học Đà Lạt
|